Pour une sociologie de la lecture : lectures et lecteurs de la France contemporaine

Αποθηκεύτηκε σε:
Λεπτομέρειες βιβλιογραφικής εγγραφής
Κύριος συγγραφέας: Bahloul, Joelle 1951-
Άλλοι συγγραφείς: Poulain, Martine (Επιμελητής έκδοσης)
Μορφή: Βιβλίο
Γλώσσα:French
Δημοσίευση: Paris : Cercle de la Librairie, [1988]
Σειρά:Collection Bibliotheques
Θέματα:
Ετικέτες: Προσθήκη ετικέτας
Δεν υπάρχουν, Καταχωρήστε ετικέτα πρώτοι!

MARC

LEADER 00000nam a2200000 i 4500
001 1/104533
008 950602s1988 fre d
020 |a 2-7654-0403-8 
035 |l 10013294 
040 |a GR-MY-UA  |b gre  |e aacr 
041 0 |a fre 
082 0 |a 306.488 
100 1 |a Bahloul, Joelle  |d 1951- 
245 1 0 |a Pour une sociologie de la lecture :  |b lectures et lecteurs de la France contemporaine /  |c Sous la direction de Martine Poulain, avec la collaboration de Joelle Bahloul...[et al.] 
260 |a Paris :   |b Cercle de la Librairie,   |c [1988] 
300 |a 241, [2] p.;  |c 24 cm 
490 1 |a Collection Bibliotheques 
504 |a Includes bibliographical references 
650 0 0 |a Books and reading  |z France  |x Social aspects. 
650 0 0 |a Learning and scholarship  |x Social aspects  |z France. 
651 0 |a France  |x Social conditions  |y 20th century. 
700 1 |a Poulain, Martine.  |4 edt 
830 0 |a Collection Bibliotheques 
852 |a INST  |b LESVOS  |e 19950602  |h 306.488 POU  |p 005100000288  |q 005100000288  |t BK  |y 0 
909 |a Λ  |b 015236